[Event "Karlsruhe Grenke op"]
[Site "Karlsruhe"]
[Date "2019.04.19"]
[Round "2"]
[White "Svane, Rasmus"]
[Black "Bilchinski, Anton"]
[Result "1-0"]
[WhiteElo "2605"]
[BlackElo "2266"]
[PlyCount "71"]
[EventDate "2019.04.18"]
[EventType "swiss"]
[EventRounds "9"]
[EventCountry "GER"]
[SourceTitle "CBM 189 Extra"]
[Source "ChessBase"]
[SourceDate "2019.06.03"]
[SourceVersion "1"]
[SourceVersionDate "2019.06.03"]
[SourceQuality "1"]

1. d4 Nf6 2. c4 e6 3. Nf3 b6 4. g3 Ba6 5. b3 Bb4+ 6. Bd2 Be7 7. Bg2 0-0 8. 0-0 c6 9. Qc2 d5 10. Rd1 Nbd7 11. a4 c5 12. a5 Qc8 13. cxd5 exd5 14. Nc3 Re8 15. Rdc1 Bf8 16. e3 g6 17. Ng5 Bb7 18. Qa2 Qd8 19. a6 Bc6 20. Rab1 Bh6 21. Nf3 Rc8 22. dxc5 bxc5 23. b4 cxb4 24. Rxb4 Bf8 25. Rbb1 Nb6 26. Nd4 Ba8 27. Bh3 Rc4 28. Bf1 Rc8 29. Bb5 Re7 30. Nce2 Ne4 31. Ba5 Nd6 32. Bc6 Rec7 33. Bxb6 axb6 34. Qxd5 Bxc6 35. Nxc6 Qf6 36. a7 1-0

[Event "BL2-Sued 1819"]
[Site "Germany"]
[Date "2019.02.24"]
[Round "8.5"]
[White "Wieczorek, Oskar"]
[Black "Bilchinski, Anton"]
[Result "1-0"]
[WhiteElo "2492"]
[BlackElo "2277"]
[PlyCount "90"]
[EventDate "2018.11.10"]
[EventType "team-tourn"]
[EventRounds "10"]
[EventCountry "GER"]
[SourceTitle "CBM 190 Extra"]
[Source "ChessBase"]
[SourceDate "2019.07.15"]
[SourceVersion "1"]
[SourceVersionDate "2019.07.15"]
[SourceQuality "1"]
[WhiteTeam "Heusenstamm"]
[BlackTeam "Eppingen"]
[WhiteTeamCountry "GER"]
[BlackTeamCountry "GER"]

1. c4 Nf6 2. g3 e5 3. Bg2 Nc6 4. Nf3 d5 5. cxd5 Nxd5 6. 0-0 Be7 7. d4 exd4 8. Nxd4 Nxd4 9. Qxd4 Nf6 10. Qxd8+ Bxd8 11. Nc3 c6 12. Bf4 Be7 13. Rfd1 Be6 14. e4 Nd7 15. Be3 Nb6 16. b3 0-0 17. f4 g6 18. Kf2 Rfd8 19. Bf3 Rxd1 20. Rxd1 Rd8 21. Rc1 f5 22. exf5 Bxf5 23. g4 Be6 24. h3 Ba3 25. Rc2 Nc8 26. Ne4 Be7 27. Nc5 Bxc5 28. Bxc5 a6 29. Re2 Kf7 30. h4 Rd7 31. h5 gxh5 32. g5 Bg4 33. Bxg4 hxg4 34. Kg3 Rd5 35. Ba3 c5 36. Rh2 Kg8 37. Kxg4 Nd6 38. Bb2 c4 39. Be5 b5 40. bxc4 bxc4 41. Rb2 Nf7 42. Bf6 Rb5 43. Re2 Rb8 44. Re6 Rc8 45. Bc3 a5 1-0

[Event "AUT-chT2W 1819"]
[Site "Austria"]
[Date "2019.02.08"]
[Round "6.1"]
[White "Bilchinski, Anton"]
[Black "Frank, Emanuel"]
[Result "0-1"]
[WhiteElo "2301"]
[BlackElo "2175"]
[PlyCount "82"]
[EventDate "2018.10.12"]
[EventType "team-tourn"]
[EventRounds "11"]
[EventCountry "AUT"]
[SourceTitle "CBM 189 Extra"]
[Source "ChessBase"]
[SourceDate "2019.06.03"]
[SourceVersion "1"]
[SourceVersionDate "2019.06.03"]
[SourceQuality "1"]
[WhiteTeam "Pradl"]
[BlackTeam "Salzburg ASK"]
[WhiteTeamCountry "AUT"]
[BlackTeamCountry "AUT"]

1. d4 d5 2. c4 e6 3. Nc3 Be7 4. cxd5 exd5 5. Bf4 c6 6. Qc2 Nf6 7. h3 Qa5 8. e3 Ne4 9. a3 Bf5 10. Bd3 Na6 11. Rc1 Nxc3 12. Qxc3 Qxc3+ 13. Rxc3 Bxd3 14. Rxd3 0-0-0 15. Nf3 Nc7 16. Ke2 Bd6 17. Bxd6 Rxd6 18. Rc1 Re8 19. b4 f6 20. Rb3 Kd7 21. a4 a6 22. Ne1 Ne6 23. Kd2 Ng5 24. f3 Ra8 25. Nd3 Ne6 26. Rb2 Nc7 27. Nc5+ Kc8 28. g4 Ne6 29. Nd3 Ng5 30. Ke2 Kc7 31. b5 axb5 32. axb5 Ra3 33. Nc5 cxb5 34. h4 Nf7 35. Rxb5 Ra2+ 36. Kf1 b6 37. Ne6+ Kb7 38. Nf4 Rc6 39. Rcb1 Nd6 40. Rxd5 Nc4 41. Rd7+ Kc8 0-1

[Event "AUT-chT2W 1819"]
[Site "Austria"]
[Date "2018.12.08"]
[Round "4.1"]
[White "Sergeev, Vladimir"]
[Black "Bilchinski, Anton"]
[Result "1-0"]
[WhiteElo "2412"]
[BlackElo "2301"]
[PlyCount "51"]
[EventDate "2018.10.12"]
[EventType "team-tourn"]
[EventRounds "11"]
[EventCountry "AUT"]
[SourceTitle "CBM 189 Extra"]
[Source "ChessBase"]
[SourceDate "2019.06.03"]
[SourceVersion "1"]
[SourceVersionDate "2019.06.03"]
[SourceQuality "1"]
[WhiteTeam "Bregenz"]
[BlackTeam "Pradl"]
[WhiteTeamCountry "AUT"]
[BlackTeamCountry "AUT"]

1. e4 e5 2. Nf3 Nf6 3. Qe2 d6 4. g3 Nc6 5. Bg2 g6 6. 0-0 Bg7 7. c3 0-0 8. Na3 Re8 9. d3 Bg4 10. h3 Bd7 11. Nc2 a5 12. Kh2 Qe7 13. Ne3 b5 14. Bd2 Rab8 15. Rac1 Be6 16. a3 d5 17. exd5 Nxd5 18. Ng5 Qxg5 19. Nxd5 Qd8 20. Qf3 e4 21. dxe4 Ne5 22. Qd1 Nc4 23. Rc2 Nd6 24. Bf4 Rc8 25. Re1 Bf8 26. e5 1-0

[Event "BL2-Sued 1718"]
[Site "Germany"]
[Date "2018.02.25"]
[Round "10.7"]
[White "Doll, Stefan"]
[Black "Bilchinski, Anton"]
[Result "0-1"]
[WhiteElo "2158"]
[BlackElo "2309"]
[PlyCount "56"]
[EventDate "2017.10.21"]
[EventType "team-tourn"]
[EventRounds "10"]
[EventCountry "GER"]
[SourceTitle "CBM 183 Extra"]
[Source "ChessBase"]
[SourceDate "2018.04.19"]
[SourceVersion "1"]
[SourceVersionDate "2018.04.19"]
[SourceQuality "1"]
[WhiteTeam "Untergrombach"]
[BlackTeam "Eppingen"]
[WhiteTeamCountry "GER"]
[BlackTeamCountry "GER"]

1. e4 Nf6 2. e5 Nd5 3. d4 d6 4. Bc4 Nb6 5. Bb3 Bf5 6. e6 fxe6 7. g4 Be4 8. f3 Bd5 9. Qd3 Bxb3 10. axb3 e5 11. dxe5 e6 12. exd6 Bxd6 13. Qb5+ Nc6 14. Bg5 Be7 15. Be3 0-0 16. Nd2 Bh4+ 17. Kf1 Nd5 18. Bc5 Qg5 19. Qe2 Rf7 20. h3 Qf6 21. c3 Nxc3 22. bxc3 Qxc3 23. Rd1 Qxc5 24. Ne4 Qe5 25. Kg2 Raf8 26. Qe3 a5 27. Rd3 Nb4 28. Qd4 Nxd3 0-1

[Event "BL2-Sued 1718"]
[Site "Germany"]
[Date "2017.11.11"]
[Round "3.7"]
[White "Bilchinski, Anton"]
[Black "Koehler, Ronald"]
[Result "0-1"]
[WhiteElo "2309"]
[BlackElo "2265"]
[PlyCount "51"]
[EventDate "2017.10.21"]
[EventType "team-tourn"]
[EventRounds "10"]
[EventCountry "GER"]
[SourceTitle "CBM 183 Extra"]
[Source "ChessBase"]
[SourceDate "2018.04.19"]
[SourceVersion "1"]
[SourceVersionDate "2018.04.19"]
[SourceQuality "1"]
[WhiteTeam "Eppingen"]
[BlackTeam "Griesheim"]
[WhiteTeamCountry "GER"]
[BlackTeamCountry "GER"]

1. d4 Nf6 2. c4 e6 3. Nc3 c5 4. d5 exd5 5. cxd5 d6 6. Nf3 g6 7. Bf4 Bg7 8. Qa4+ Bd7 9. Qb3 b5 10. Bxd6 Qb6 11. Be5 0-0 12. e3 b4 13. Ne2 Bg4 14. Nd2 Qd8 15. f3 Bc8 16. Nc4 Nbd7 17. Bd6 Re8 18. Rd1 Ba6 19. Ng3 Bh6 20. e4 Rc8 21. Ne3 Qb6 22. Nef5 gxf5 23. Nxf5 Bg5 24. Bxa6 Qxa6 25. Ne7+ Kg7 26. Nf5+ 0-1

[Event "AUT-chT2W 1718"]
[Site "Austria"]
[Date "2017.10.13"]
[Round "1.1"]
[White "Bilchinski, Anton"]
[Black "Spornberger, Andre"]
[Result "0-1"]
[WhiteElo "2295"]
[BlackElo "2355"]
[PlyCount "74"]
[EventDate "2017.10.13"]
[EventType "team-tourn"]
[EventRounds "11"]
[EventCountry "AUT"]
[SourceTitle "CBM 181 Extra"]
[Source "ChessBase"]
[SourceDate "2017.12.12"]
[SourceVersion "1"]
[SourceVersionDate "2017.12.12"]
[SourceQuality "1"]
[WhiteTeam "Pradl"]
[BlackTeam "Rochade Rum"]
[WhiteTeamCountry "AUT"]
[BlackTeamCountry "AUT"]

1. d4 e6 2. c4 f5 3. g3 Nf6 4. Bg2 d5 5. Nh3 c6 6. 0-0 Bd6 7. Bf4 0-0 8. Nd2 Qe7 9. Qc2 Ne4 10. Nf3 Nd7 11. Rfd1 a5 12. Bxd6 Nxd6 13. cxd5 exd5 14. Nf4 Nf6 15. Rac1 Bd7 16. Nd3 Be8 17. Nfe5 Nd7 18. Nxd7 Bxd7 19. Qc5 Qf6 20. Ne5 Be8 21. Rc3 Nf7 22. f4 Nxe5 23. dxe5 Qd8 24. Rb3 Rf7 25. Bh3 Qb8 26. Rb6 g6 27. a4 Qc7 28. e4 dxe4 29. Bf1 Rd7 30. Rd6 Rxd6 31. exd6 Qd7 32. Qc3 Rd8 33. Bc4+ Bf7 34. Qf6 Rf8 35. Be2 Bd5 36. Qe7 Rf7 37. Qe5 Qd8 0-1

[Event "Bratto op 37th"]
[Site "Bratto"]
[Date "2017.08.27"]
[Round "9"]
[White "Bilchinski, Anton"]
[Black "Damia, Angelo"]
[Result "0-1"]
[WhiteElo "2283"]
[BlackElo "2373"]
[PlyCount "88"]
[EventDate "2017.08.19"]
[EventType "swiss"]
[EventRounds "9"]
[EventCountry "ITA"]
[SourceTitle "CBM 180 Extra"]
[Source "ChessBase"]
[SourceDate "2017.10.06"]
[SourceVersion "1"]
[SourceVersionDate "2017.10.06"]
[SourceQuality "1"]

1. d4 Nf6 2. c4 e6 3. Nc3 d5 4. cxd5 exd5 5. Bg5 Nbd7 6. e3 Be7 7. Bd3 c6 8. Qc2 0-0 9. Nge2 Re8 10. 0-0 Nf8 11. f3 h6 12. Bh4 c5 13. Rad1 c4 14. Bf5 Be6 15. h3 Qd7 16. Bxe6 Qxe6 17. Bf2 Bd6 18. Rfe1 a6 19. Ng3 Bxg3 20. Bxg3 Nh5 21. Bh2 f5 22. e4 fxe4 23. fxe4 dxe4 24. Nxe4 b5 25. Qe2 Qg6 26. Qg4 Qxg4 27. hxg4 Nf6 28. Nxf6+ gxf6 29. d5 Kf7 30. Kf2 Rxe1 31. Rxe1 Rd8 32. Rd1 Ng6 33. Ke3 Re8+ 34. Kd4 Re2 35. Kc3 Rxg2 36. d6 Nf8 37. d7 Ne6 38. Bc7 b4+ 39. Kxb4 Rxb2+ 40. Ka3 c3 41. d8Q Nxd8 42. Bxd8 Rd2 43. Rc1 Rxd8 44. Rxc3 Rd4 0-1

[Event "Bratto op 37th"]
[Site "Bratto"]
[Date "2017.08.24"]
[Round "6"]
[White "Sonis, Francesco"]
[Black "Bilchinski, Anton"]
[Result "0-1"]
[WhiteElo "2445"]
[BlackElo "2283"]
[PlyCount "80"]
[EventDate "2017.08.19"]
[EventType "swiss"]
[EventRounds "9"]
[EventCountry "ITA"]
[SourceTitle "CBM 180 Extra"]
[Source "ChessBase"]
[SourceDate "2017.10.06"]
[SourceVersion "1"]
[SourceVersionDate "2017.10.06"]
[SourceQuality "1"]

1. Nf3 Nf6 2. g3 b5 3. Bg2 Bb7 4. 0-0 e6 5. b3 d6 6. c4 bxc4 7. bxc4 Nbd7 8. Nc3 Be7 9. d3 0-0 10. Rb1 Rb8 11. Be3 Nb6 12. a4 c5 13. a5 Nbd7 14. Qa4 a6 15. Bd2 Qc7 16. Qa1 Bc6 17. Nh4 Bxg2 18. Nxg2 Ne5 19. Na4 Nc6 20. Bc3 Nd4 21. Qa2 Nd7 22. Nb6 Bf6 23. Qd2 Nxe2+ 24. Qxe2 Bxc3 25. Rbc1 Bxa5 26. Nxd7 Qxd7 27. Nf4 Bd8 28. Ra1 Rb6 29. Qg4 Bf6 30. Ra2 Qb7 31. Re2 Bd4 32. Qg5 Qf3 33. Qe7 h6 34. Rfe1 Rfb8 35. Nh3 Rb1 36. Qxd6 Qxd3 37. Kg2 R1b6 38. Qc7 Qxc4 39. Nf4 e5 40. Nh5 Qd5+ 0-1

[Event "Bratto op 37th"]
[Site "Bratto"]
[Date "2017.08.20"]
[Round "2"]
[White "Sveshnikov, Evgeny"]
[Black "Bilchinski, Anton"]
[Result "0-1"]
[WhiteElo "2513"]
[BlackElo "2283"]
[PlyCount "86"]
[EventDate "2017.08.19"]
[EventType "swiss"]
[EventRounds "9"]
[EventCountry "ITA"]
[SourceTitle "CBM 180 Extra"]
[Source "ChessBase"]
[SourceDate "2017.10.06"]
[SourceVersion "1"]
[SourceVersionDate "2017.10.06"]
[SourceQuality "1"]

1. e4 Nf6 2. e5 Nd5 3. d4 d6 4. c4 Nb6 5. exd6 exd6 6. Nc3 Be7 7. Be3 0-0 8. Nf3 Bg4 9. h3 Bf5 10. Rc1 c6 11. b3 Re8 12. Be2 Bf8 13. 0-0 h6 14. Re1 N8d7 15. Bd3 Be6 16. Qc2 a5 17. Ne2 Nf6 18. Ng3 d5 19. c5 Nbd7 20. Nf5 Ne4 21. Bxe4 dxe4 22. Qxe4 Qf6 23. Ng3 Bxh3 24. Qf4 Qxf4 25. Bxf4 Be6 26. Ne5 Nxe5 27. dxe5 a4 28. Ne4 axb3 29. axb3 Bxb3 30. Nd6 Reb8 31. Rb1 Be6 32. Be3 g5 33. Nxb7 Bg7 34. Bd4 Ra4 35. Red1 Bc8 36. e6 Rxd4 37. e7 Bxb7 38. Re1 Re8 39. Rxb7 Rd5 40. Reb1 Re5 41. R1b6 Rxc5 42. Rb8 Rc1+ 43. Kh2 Be5+ 0-1

[Event "Landesliga Sued 1617"]
[Site "Bayern"]
[Date "2017.01.15"]
[Round "4.2"]
[White "Bilchinski, Anton"]
[Black "Ruecker, Benjamin"]
[Result "1-0"]
[WhiteElo "2288"]
[BlackElo "2241"]
[PlyCount "43"]
[EventDate "2016.10.16"]
[EventType "team-tourn"]
[EventRounds "9"]
[EventCountry "GER"]
[SourceTitle "EXT 2019"]
[Source "ChessBase"]
[SourceDate "2018.10.10"]
[SourceVersion "1"]
[SourceVersionDate "2018.10.10"]
[SourceQuality "1"]
[WhiteTeam "Haunstetten"]
[BlackTeam "Garching II"]
[WhiteTeamCountry "GER"]
[BlackTeamCountry "GER"]

1. d4 Nf6 2. c4 e6 3. Nc3 Bb4 4. Qc2 0-0 5. Nf3 d5 6. cxd5 exd5 7. Bg5 c5 8. a3 Ba5 9. dxc5 Bxc3+ 10. Qxc3 Nbd7 11. e3 Qc7 12. Bxf6 Nxf6 13. Bd3 Bg4 14. Nd4 Rfc8 15. Rc1 Qe5 16. 0-0 Qg5 17. f3 Bd7 18. Qd2 Rc7 19. b4 a5 20. b5 Rac8 21. c6 bxc6 22. b6 1-0

[Event "AUT-chT2W 1516"]
[Site "Austria"]
[Date "2016.03.06"]
[Round "11.6"]
[White "Brumen, Dinko"]
[Black "Bilchinski, Anton"]
[Result "0-1"]
[WhiteElo "2359"]
[BlackElo "2271"]
[PlyCount "116"]
[EventDate "2015.10.16"]
[EventType "team-tourn"]
[EventRounds "11"]
[EventCountry "AUT"]
[SourceTitle "EXT 2017"]
[Source "ChessBase"]
[SourceDate "2016.10.25"]
[SourceVersion "1"]
[SourceVersionDate "2016.10.25"]
[SourceQuality "1"]
[WhiteTeam "Schwarzach"]
[BlackTeam "Goetzis II"]
[WhiteTeamCountry "AUT"]
[BlackTeamCountry "AUT"]

1. d4 f5 2. g3 Nf6 3. Bg2 d6 4. Nf3 g6 5. 0-0 Bg7 6. c4 0-0 7. Nc3 c6 8. d5 e5 9. e4 Na6 10. Ne1 cxd5 11. cxd5 Nc5 12. exf5 Bxf5 13. b4 Ncd7 14. Nc2 Rc8 15. Qd2 Qb6 16. Ba3 Bxc2 17. Qxc2 Ng4 18. Qe2 Rxf2 19. Rxf2 Nxf2 20. Na4 Nh3+ 21. Kh1 Qf2 22. Qxf2 Nxf2+ 23. Kg1 e4 24. Rc1 Rxc1+ 25. Bxc1 Nd3 26. Bd2 Bd4+ 27. Kf1 b5 28. Bc3 bxa4 29. Bxd4 Nxb4 30. Bxe4 Nxa2 31. Ke2 Nc1+ 32. Kd1 Nb3 33. Bxa7 Nbc5 34. Bb1 Kf7 35. Kd2 h6 36. Kc3 g5 37. Kb4 Kf6 38. h3 Ke5 39. Kc4 h5 40. h4 g4 41. Bc2 a3 42. Bb1 Nf6 43. Kb4 Nxd5+ 44. Kxa3 Ne4 45. Kb3 Nd2+ 46. Kb2 Nxb1 47. Kxb1 Ke4 48. Kc2 Kf3 49. Kd3 Kxg3 50. Ke4 Kxh4 51. Be3 Kh3 52. Kd4 Kg2 53. Kxd5 g3 54. Bd2 Kh1 55. Ke4 g2 56. Bc3 h4 57. Kf3 h3 58. Kg3 h2 0-1

[Event "Boeblinger op 32nd"]
[Site "Boeblingen"]
[Date "2015.12.27"]
[Round "2"]
[White "Stupak, Kirill"]
[Black "Bilchinski, Anton"]
[Result "1/2-1/2"]
[WhiteElo "2542"]
[BlackElo "2249"]
[PlyCount "75"]
[EventDate "2015.12.26"]
[EventType "swiss"]
[EventRounds "9"]
[EventCountry "GER"]
[SourceTitle "CBM 170 Extra"]
[Source "ChessBase"]
[SourceDate "2016.02.25"]
[SourceVersion "1"]
[SourceVersionDate "2016.02.25"]
[SourceQuality "1"]

1. d4 Nf6 2. g3 e6 3. Bg2 d5 4. c4 Be7 5. Nf3 0-0 6. 0-0 c6 7. Nc3 Nbd7 8. Nd2 b5 9. cxb5 cxb5 10. Nxb5 Qb6 11. Qa4 Bb7 12. Nc3 Bc6 13. Qc2 Qxd4 14. Nb3 Qb6 15. Be3 Qa6 16. Nd4 Rfc8 17. Rac1 Bb7 18. Qa4 Qxa4 19. Nxa4 Nb6 20. Nxb6 axb6 21. Rxc8+ Rxc8 22. Rc1 Rxc1+ 23. Bxc1 Nd7 24. Kf1 Kf8 25. Ke1 Ke8 26. h4 g6 27. a3 h5 28. Nb5 Bc6 29. Nd4 Bb7 30. Be3 Ne5 31. Nb5 Nc4 32. Bc1 Kd7 33. b3 Na5 34. b4 Nc4 35. e3 Bf6 36. Bf1 Bc6 37. Nd4 Bxd4 38. exd4 1/2-1/2

[Event "AUT-chT2W 1516"]
[Site "Austria"]
[Date "2015.11.29"]
[Round "5.2"]
[White "Bilchinski, Anton"]
[Black "Hausner, Ivan"]
[Result "0-1"]
[WhiteElo "2271"]
[BlackElo "2332"]
[PlyCount "64"]
[EventDate "2015.10.16"]
[EventType "team-tourn"]
[EventRounds "11"]
[EventCountry "AUT"]
[SourceTitle "EXT 2017"]
[Source "ChessBase"]
[SourceDate "2016.10.25"]
[SourceVersion "1"]
[SourceVersionDate "2016.10.25"]
[SourceQuality "1"]
[WhiteTeam "Goetzis II"]
[BlackTeam "Zillertal"]
[WhiteTeamCountry "AUT"]
[BlackTeamCountry "AUT"]

1. d4 d6 2. Nf3 Bg4 3. c4 Nd7 4. d5 e5 5. dxe6 Bxe6 6. e4 Ngf6 7. Nc3 g6 8. Be2 Bg7 9. Nd4 0-0 10. 0-0 Re8 11. f3 Ne5 12. Nxe6 fxe6 13. f4 Nf7 14. f5 exf5 15. exf5 g5 16. Qd3 c6 17. Be3 Qe7 18. Bd4 Ne5 19. Qd2 h6 20. Rae1 a6 21. a4 Rad8 22. Kh1 Qc7 23. Qe3 c5 24. Bxe5 Rxe5 25. Qf2 Rde8 26. Bf3 Kf8 27. Bd5 Ng4 28. Qg3 Rxe1 29. Rxe1 Rxe1+ 30. Qxe1 Qe7 31. Be6 Bxc3 32. bxc3 Qf6 0-1

[Event "Deizisau op 10th"]
[Site "Deizisau"]
[Date "2015.11.01"]
[Round "5"]
[White "Bilchinski, Anton"]
[Black "Muckle, Julius"]
[Result "1/2-1/2"]
[WhiteElo "2271"]
[BlackElo "2129"]
[PlyCount "53"]
[EventDate "2015.10.30"]
[EventType "swiss"]
[EventRounds "7"]
[EventCountry "GER"]
[SourceTitle "CBM 169 Extra"]
[Source "ChessBase"]
[SourceDate "2015.12.18"]
[SourceVersion "1"]
[SourceVersionDate "2015.12.18"]
[SourceQuality "1"]

1. d4 d5 2. c4 c6 3. Nc3 Nf6 4. e3 e6 5. Nf3 Nbd7 6. Qc2 Be7 7. b3 0-0 8. Bb2 b6 9. Bd3 Bb7 10. 0-0 Rc8 11. Ne5 c5 12. cxd5 cxd4 13. exd4 Bxd5 14. Qe2 Bb7 15. Rfd1 Nd5 16. Nxd5 Bxd5 17. Ba6 Rc7 18. Rac1 Nxe5 19. dxe5 Rxc1 20. Rxc1 Bc5 21. Qd2 Qh4 22. Rd1 Rd8 23. Rc1 Rf8 24. Rd1 Rd8 25. Bc3 Be7 26. Qe1 Qg4 27. Bf1 1/2-1/2

[Event "Deizisau op 10th"]
[Site "Deizisau"]
[Date "2015.10.31"]
[Round "2"]
[White "Neiss, Josef Martin"]
[Black "Bilchinski, Anton"]
[Result "1-0"]
[WhiteElo "2100"]
[BlackElo "2271"]
[PlyCount "155"]
[EventDate "2015.10.30"]
[EventType "swiss"]
[EventRounds "7"]
[EventCountry "GER"]
[SourceTitle "CBM 169 Extra"]
[Source "ChessBase"]
[SourceDate "2015.12.18"]
[SourceVersion "1"]
[SourceVersionDate "2015.12.18"]
[SourceQuality "1"]

1. Nf3 f5 2. d3 Nc6 3. e4 e5 4. Nc3 Nf6 5. exf5 d5 6. d4 e4 7. Nh4 Be7 8. Bg5 0-0 9. Be2 h6 10. Be3 Ne8 11. Ng6 Rxf5 12. Nxe7+ Nxe7 13. Qd2 Nd6 14. 0-0-0 c6 15. g4 Rf7 16. h4 Qf8 17. Rdg1 Kh8 18. g5 Ndf5 19. gxh6 Nxh6 20. Rg5 Nef5 21. Bh5 Nxe3 22. fxe3 Rf1+ 23. Rxf1 Qxf1+ 24. Nd1 Qf8 25. Qh2 Bf5 26. Qc7 c5 27. dxc5 b6 28. c6 Rc8 29. Qb7 Qf6 30. c7 Qe6 31. Be2 Qf7 32. Qxa7 Rxc7 33. Qxb6 Be6 34. Bh5 Qd7 35. Rg6 Rc6 36. Qb8+ Kh7 37. Rg2 Rc8 38. Bg6+ Kh8 39. Qe5 Bg4 40. Bh5 Bh3 41. Rd2 Qa4 42. a3 Qa6 43. Be2 Qg6 44. Rxd5 Bg4 45. Bxg4 Qxg4 46. Qg5 Qe2 47. Rd8+ Rxd8 48. Qxd8+ Kh7 49. Qd2 Qg4 50. Qf2 Nf5 51. Qf4 Qf3 52. a4 Kg6 53. Qg5+ Kf7 54. a5 g6 55. a6 Qf1 56. h5 Qxa6 57. Qxg6+ Qxg6 58. hxg6+ Kxg6 59. Nf2 Nxe3 60. Nxe4 Kf5 61. Nf2 Ke5 62. b3 Nd5 63. Kd2 Kd4 64. Nd1 Kc5 65. c3 Nf4 66. Ne3 Kb5 67. Nc2 Kc5 68. Ke3 Nd5+ 69. Kd2 Nb6 70. Ne3 Nc8 71. Kd3 Nd6 72. Nc2 Nf7 73. b4+ Kb5 74. c4+ Ka4 75. Kc3 Ne5 76. Nd4 Nd7 77. c5 Nb8 78. Kc4 1-0